Statistics for NRL Grand Final Starting Line-ups

Click here to take the quiz!

General Stats

  • This quiz has been taken 48 times
  • The average score is 145 of 482

Answer Stats

HintAnswer% Correct
Five-EighthJarome Luai
94%
HalfbackNathan cleary
94%
Haflback | HalfbackNathan Cleary
94%
WingBrian To'o
91%
FullbackDylan Edwards
91%
FullbackReece Walsh
86%
Haflback | HalfbackAdam Reynolds
77%
BenchAngus Crichton
77%
Five-EighthEzra Mam
77%
PropJames Fisher-Harris
77%
Five-EighthJosh Reynolds
74%
WingSelwyn Cobbo
74%
CentreStephan Crichton
74%
WingStephen crichton
74%
CentreStephen Crichton
74%
LockIsaah Yeo
71%
WingJosh Addo-Carr
71%
Bench | PropMoses Leota
71%
LockPatrick Carrigan
71%
PropPayne haas
71%
BenchDavid Stagg
69%
WingSunia Turuva
69%
HookerBilly Walters
66%
BenchBrandon Smith
66%
HookerCameron Smith
66%
LockJeremy Smith
66%
CentreKotoni Staggs
66%
BenchLindsay Smith
66%
HookerMitch Kenny
66%
CentreHerbie Farnworth
63%
2nd RowLiam Martin
63%
Five-EighthTe Maire Martin
63%
Five-Eighth | FullbackCameron Munster
60%
HaflbackCooper Cronk
57%
CentreIzack Tago
54%
2nd Row | BenchKurt Capewell
54%
CentreLatrell Mitchell
54%
PropThomas Flegler
54%
FullbackBilly Slater
51%
FullbackClinton Gutherson
51%
FullbackJames Tedesco
51%
WingJaxson Paulo
51%
2nd RowJordan Riki
51%
PropJunior Paulo
51%
HalfbackMitchell Moses
51%
18th Man | WingCorey Oates
49%
Five-eighthDylan Brown
49%
PropGeorge Burgess
49%
CentreLewis Brown
49%
WingMaika Sivo
49%
WingMitch Brown
49%
BenchNathan Brown
49%
LockSam Burgess
49%
2nd Row | BenchScott Sorensen
49%
BenchThomas Burgess
49%
Bench | CentreTyrone May
49%
WingJesse Arthars
46%
PropReagan Campbell-Gillard
46%
FullbackGreg Inglis
43%
2nd RowIsiah Papali'i
43%
HaflbackJohnathan Thurston
43%
PropJosh Papalii
43%
HookerReed Mahoney
43%
2nd RowTohu Harris
43%
Bench | HookerApisai Koroisau
40%
WingBill Tupou
40%
CentreCampbell Graham
40%
WingDaniel Tupou
40%
Bench | PropJames Graham
40%
LockPaul Gallen
40%
FullbackRyan Papenhuyzen
40%
2nd RowShaun Lane
40%
2nd RowWade Graham
40%
BenchBrendan Piakura
37%
Five-EighthCody Walker
37%
CentreDylan Walker
37%
BenchJake Arthur
37%
Bench | HookerJake Friend
37%
HaflbackJarome Hughes
37%
PropJesse Bromwich
37%
2nd Row | BenchKenneath Bromwich
37%
WingSuliasi Vunivalu
37%
WingSulisai Vunivalu
37%
2nd Row | LockBoyd Cordner
34%
LockCameron Murray
34%
wingCharlie Staines
34%
FullbackDarius Boyd
34%
2nd RowFelise Kaufusi
34%
CentreJoseph Manu
34%
Five-EighthLuke Keary
34%
BenchOregon Kaufusi
34%
BenchSIka Manu
34%
FullbackBen Barba
31%
HaflbackBen Hunt
31%
Bench | PropChristian Welch
31%
HookerDamien Cook
31%
BenchJack Cogger
31%
Five-EighthJack Wighton
31%
CentreJarrod Croker
31%
WingKyle Feldt
31%
CentreMatt Burton
31%
Five-Eighth | HaflbackMichael Morgan
31%
BenchTyson Smoothy
31%
CentreWIll Penisini
31%
HaflbackAidan Sezer
29%
WingAlex Johnston
29%
HookerJake Granville
29%
Bench | PropJared Waerea-Hargreaves
29%
HookerJosh Hodgson
29%
CentreJustin Olam
29%
FullbackLachlan Coote
29%
2nd RowLuke Lewis
29%
HookerMichael Ennis
29%
BenchRyan Matterson
29%
BenchSpencer Leniu
29%
WingValentine Holmes
29%
LockVictor Radley
29%
WingWaqa Blake
29%
CentreWill Chambers
29%
CentreWIll Chambers
29%
PropAdam Blair
26%
PropAndrew Fifita
26%
Five-EighthAnthony Milford
26%
2nd RowBeau Scott
26%
FullbackBlake Taaffe
26%
HaflbackChad Townsend
26%
CentreCheyse Blair
26%
CentreCurtis Scott
26%
2nd RowElliott Whitehead
26%
Five-EighthJames Maloney
26%
LockJason Taumalolo
26%
WingJordan Rapana
26%
BenchKobe Hetherington
26%
PropMatthew Scott
26%
Bench | LockNelson Asofa-Solomona
26%
BenchNicholas Hynes
26%
2nd Row | BenchViliame Kikau
26%
FullbackBrett Stewart
23%
FullbackCharnze Nicoll-Klokstad
23%
Bench | LockDale Finucane
23%
HaflbackDaly Cherry-Evans
23%
2nd RowGavin Cooper
23%
LockGlenn Stewart
23%
CentreJack BIrd
23%
PropJames Tamou
23%
Five-EighthJamie Soward
23%
CentreJustin Hodges
23%
2nd RowKeaon Koloamatangi
23%
CentreMatthew Cooper
23%
LockMichael Luck
23%
WingNick Cotric
23%
PropTevita Tatola
23%
Bench | CentreBailey Simonsson
20%
WingBlake Ferguson
20%
WingBrett Morris
20%
18th ManBryce Cartwright
20%
LockCorey Parker
20%
CentreDane Gagai
20%
WingDavid WIlliams
20%
BenchJaeman Salmon
20%
CentreJamie Lyon
20%
Centre | WingJoseph Leilua
20%
WingJosh Mansour
20%
CentreJosh Morris
20%
BenchLuke Garner
20%
WingMarika Koroibete
20%
2nd Row | BenchMitchell Aubusson
20%
BenchNat Butcher
20%
WingRoger Tuivasa-Sheck
20%
HaflbackShaun Johnson
20%
2nd RowSonny Bill Williams
20%
2nd RowTony WIlliams
20%
2nd RowTony Williams
20%
2nd RowAiden Guerra
17%
HookerAndrew Mccullough
17%
BenchBenji Marshall
17%
18th Man | BenchBrent Naden
17%
HaflbackBrodie Croft
17%
BenchCoen Hess
17%
BenchCorey Jensen
17%
HookerDean Young
17%
BenchJai Arrow
17%
PropJordan Mclean
17%
LockJoseph Tapine
17%
Five-EighthKieran Foran
17%
CentreMark Gasnier
17%
2nd RowMatt Gillett
17%
CentreMichael Jennings
17%
HaflbackMitchell Pearce
17%
CentrePaul Momirovski
17%
PropSam Thaiday
17%
CentreShaun Kenny-Dowall
17%
WingSiosifa Feki
17%
BenchTino Fa'asuamaleaui
17%
Five-EighthTodd Carney
17%
PropAiden Tolman
14%
FullbackAnthony Minichiello
14%
WingAntonio Winterstein
14%
Five-EighthBlake Green
14%
2nd RowEthan Lowe
14%
Five-EighthGareth Widdop
14%
BenchJaiman Lowe
14%
2nd RowJohn Bateman
14%
CentreKane Linnett
14%
HookerMatt Ballin
14%
HookerSam Verrills
14%
Bench | PropSiosiua Taukeiaho
14%
2nd RowAnthony Watmough
11%
2nd RowBen Te'o
11%
BenchCorey Horsburgh
11%
BenchGerard Beale
11%
PropIosia Soliola
11%
Bench | PropIsaac Liu
11%
CentreJack Reed
11%
BenchJacob Host
11%
WingJason Nightingale
11%
Centre | WingJustin O'Neill
11%
2nd RowKevin Proctor
11%
LockMarata Niukore
11%
Bench | PropMatt Prior
11%
CentreRicky Leutele
11%
CentreSteve Matai
11%
2nd RowAlex Glenn
9%
BenchBen Hannant
9%
HaflbackBen Hornby
9%
CentreBrenko Lee
9%
PropBrent Kite
9%
BenchCorey Payne
9%
BenchDunamis Lui
9%
LockGreg Eastwood
9%
BenchJarrod Wallace
9%
2nd RowJaydn Su'a
9%
BenchJohn Asiata
9%
2nd RowJohn Sutton
9%
2nd RowJosh Jackson
9%
BenchKeenan Palasia
9%
CentreKrisnan Inu
9%
BenchKyle Turner
9%
WingMichael Robertson
9%
HookerMoses Mbye
9%
2nd RowRyan Hoffman
9%
BenchSam Tagataese
9%
Bench | PropScott Bolton
9%
18th ManSean O'Sullivan
9%
Bench | PropTim Glasby
9%
HaflbackTrent Hodkinson
9%
WingWIll Hopoate
9%
BenchZane Tetevano
9%
2nd RowBen Creagh
6%
BenchBen Hampton
6%
LockBraith Anasta
6%
BenchChris Heighington
6%
BenchChris McQueen
6%
WingCorey Thompson
6%
BenchDavid Klemmer
6%
BenchEmre Guler
6%
BenchFeleti Mateo
6%
BenchGeorge Rose
6%
PropJacob Lillyman
6%
WingJordan Kahu
6%
FullbackKevin Locke
6%
BenchLuke O'Donnell
6%
WingManu Vatuvei
6%
PropMark Nicolls
6%
PropMichael Weyman
6%
2nd RowNate Myles
6%
BenchNathan Fien
6%
18th ManPatrick Mago
6%
BenchRory Kostjasyn
6%
BenchRyan Hinchcliffe
6%
PropSam Kasiano
6%
PropSam Moa
6%
Fullback | WingSam Perrett
6%
PropShaun Fensom
6%
2nd RowSimon Mannering
6%
18th ManTyrone Peachey
6%
BenchZane Tetevano
6%
BenchAaron Heremaia
3%
BenchBen Matulino
3%
PropBrenton Lawrence
3%
CentreDane Nielson
3%
BenchDaniel Conn
3%
BenchDylan Napa
3%
2nd RowElijah Taylor
3%
BenchFrank-Paul Nuuausala
3%
2nd Row | BenchFrank Pritchard
3%
BenchJamie Buhrer
3%
BenchJason Clark
3%
PropJason Ryles
3%
BenchJayson Bakuya
3%
PropJoe Galuvao
3%
BenchJoe Ofahengaue
3%
2nd RowJoe Stimson
3%
WingJorge Taufua
3%
CentreKirisome Auva'a
3%
BenchKodi Nikorima
3%
HaflbackKris Keating
3%
HookerLance Hohaia
3%
PropLopini Paea
3%
BenchMartin Kennedy
3%
BenchMitchell Dodds
3%
PropRussell Packer
3%
BenchSam Rapira
3%
BenchSlade Griffin
3%
BenchTom Symonds
3%
PropByran Norrie
0%
BenchDaniel Mortimer
0%
BenchDavid Gower
0%
PropDavid Tyrell
0%
BenchJarrod Saffy
0%
WingJonathan Wright
0%
2nd RowJustin Horo
0%
WingLote Tuqiri
0%
PropNeville Costigan
0%
BenchRichie Fa'aoso
0%
BenchShane Rodney
0%
WingSisa Waqa
0%
BenchTim Browne
0%
CentreTimoteo Lafai
0%
LockTodd Lowrie
0%
BenchTrent Merrin
0%
BenchVic Mauro
0%

Score Distribution

Percentile by Number Answered

Percent of People with Each Score

Your Score History

You have not taken this quiz